[Event "ARG-ch sf Amateur U2000/2300"]
[Site "Cosquin"]
[Date "2019.07.27"]
[Round "3.3"]
[White "Panozzo, Luis"]
[Black "San Sebastian Sosa, Fernando"]
[Result "0-1"]
[WhiteElo "1775"]
[BlackElo "1516"]
[PlyCount "34"]
[EventDate "2019.07.27"]
[EventType "swiss"]
[EventRounds "6"]
[EventCountry "ARG"]
[SourceTitle "EXT 2024"]
[Source "ChessBase"]
[SourceDate "2023.10.10"]
[SourceVersion "1"]
[SourceVersionDate "2023.10.10"]
[SourceQuality "1"]

1. e4 c5 2. Nc3 Nc6 3. f4 e6 4. Bc4 a6 5. a4 Nge7 6. Nf3 d5 7. exd5 exd5 8. Be2 Nf5 9. 0-0 Be7 10. Re1 0-0 11. Bf1 Re8 12. Ne2 c4 13. d4 cxd3 14. Qxd3 Nb4 15. Qd1 Bc5+ 16. Nfd4 Nxd4 17. Kh1 Nxe2 0-1

[Event "ARG-ch sf U2000"]
[Site "Villa Carlos Paz"]
[Date "2018.07.01"]
[Round "3.3"]
[White "Bibiloni, Miguel Angel"]
[Black "San Sebastian Sosa, Fernando"]
[Result "1-0"]
[WhiteElo "1873"]
[BlackElo "1526"]
[PlyCount "65"]
[EventDate "2018.06.30"]
[EventType "swiss"]
[EventRounds "5"]
[EventCountry "ARG"]
[SourceTitle "EXT 2024"]
[Source "ChessBase"]
[SourceDate "2023.10.10"]
[SourceVersion "1"]
[SourceVersionDate "2023.10.10"]
[SourceQuality "1"]

1. b3 d5 2. Bb2 Nc6 3. e3 e5 4. Bb5 Bd6 5. f4 Qe7 6. Nf3 f6 7. 0-0 Bd7 8. Bxc6 Bxc6 9. fxe5 Bc5 10. Nh4 0-0-0 11. Nf5 Qd7 12. Nd4 fxe5 13. Nxc6 Qxc6 14. Bxe5 Qg6 15. Nc3 Ne7 16. Na4 Bd6 17. Bxd6 Rxd6 18. Rf4 h5 19. Nc5 Nc6 20. Nd3 Qe6 21. Qf1 d4 22. e4 g5 23. Rf8+ Rd8 24. Rxh8 Rxh8 25. Qf3 Re8 26. Qxh5 Ne5 27. Nc5 Qe7 28. Rf1 b6 29. Nd3 c5 30. Rf5 Nxd3 31. cxd3 Rg8 32. Rf7 Qe8 33. Qh7 1-0

[Event "ARG-ch U16"]
[Site "Villa Martelli"]
[Date "2018.02.11"]
[Round "5.4"]
[White "Moreira, Fabrizio Roberto Be"]
[Black "San Sebastian Sosa, Fernando"]
[Result "0-1"]
[WhiteElo "1754"]
[BlackElo "1484"]
[PlyCount "78"]
[EventDate "2018.02.09"]
[EventType "swiss"]
[EventRounds "9"]
[EventCountry "ARG"]
[SourceTitle "EXT 2024"]
[Source "ChessBase"]
[SourceDate "2023.10.10"]
[SourceVersion "1"]
[SourceVersionDate "2023.10.10"]
[SourceQuality "1"]

1. d4 Nf6 2. Nf3 e6 3. Bg5 h6 4. Bh4 b6 5. e3 Bb7 6. Nbd2 d6 7. Bd3 g5 8. Bg3 Nh5 9. c4 g4 10. Nh4 Rg8 11. h3 Qg5 12. Qxg4 Qxg4 13. hxg4 Nxg3 14. fxg3 Rxg4 15. Rh3 Nd7 16. 0-0-0 0-0-0 17. Be2 Rg8 18. Bf3 Nf6 19. Rf1 d5 20. cxd5 Bxd5 21. g4 Be7 22. Rf2 Nxg4 23. Bxg4 Rxg4 24. Nhf3 Rdg8 25. Rxh6 Rxg2 26. Rh2 R2g7 27. e4 Bb7 28. Kc2 c5 29. dxc5 Bxc5 30. Re2 Ba6 31. Re1 Rg2 32. Reh1 Bb7 33. Rxg2 Rxg2 34. Kd3 Ba6+ 35. Kc3 Kd7 36. Rh7 Ke7 37. Ne5 Rf2 38. Nef3 Be3 39. Rh2 Bxd2+ 0-1

[Event "ARG-ch U16"]
[Site "Villa Martelli"]
[Date "2018.02.11"]
[Round "6.2"]
[White "San Sebastian Sosa, Fernando"]
[Black "Prado, Ignacio"]
[Result "0-1"]
[WhiteElo "1484"]
[BlackElo "1773"]
[PlyCount "137"]
[EventDate "2018.02.09"]
[EventType "swiss"]
[EventRounds "9"]
[EventCountry "ARG"]
[SourceTitle "EXT 2024"]
[Source "ChessBase"]
[SourceDate "2023.10.10"]
[SourceVersion "1"]
[SourceVersionDate "2023.10.10"]
[SourceQuality "1"]

1. e4 c5 2. Nf3 d6 3. d4 cxd4 4. Nxd4 Nf6 5. Nc3 a6 6. Be3 e6 7. Be2 Be7 8. Qd2 0-0 9. f4 b5 10. 0-0 b4 11. Na4 Qa5 12. b3 Nxe4 13. Qd3 Nc5 14. Nxc5 dxc5 15. Qe4 Ra7 16. Nf3 Bb7 17. Qe5 Nd7 18. Qh5 Nf6 19. Qh3 Be4 20. Bd3 Bxd3 21. cxd3 Nd5 22. Bd2 Bf6 23. Ne5 Qc7 24. Rae1 Ne7 25. Qe3 Rd8 26. Bc1 Nd5 27. Qg3 Nc3 28. Rf2 Qd6 29. Rd2 a5 30. Bb2 Bxe5 31. fxe5 Qd5 32. Bxc3 bxc3 33. Rc2 a4 34. Rec1 axb3 35. axb3 Ra3 36. Rxc3 Rxb3 37. Rxc5 Qd4+ 38. Qf2 Rxd3 39. Qxd4 R3xd4 40. Kf2 h6 41. h3 Rd2+ 42. Kg3 R8d3+ 43. Kh2 Rf2 44. R1c2 Rf5 45. Re2 Kh7 46. Rc4 g5 47. Rce4 Kg6 48. R4e3 Rxe3 49. Rxe3 Rf4 50. g3 Rc4 51. Kg2 Rc2+ 52. Kg1 h5 53. Kf1 Kf5 54. Rf3+ Kxe5 55. Rxf7 Rh2 56. h4 gxh4 57. gxh4 Rxh4 58. Kg2 Rf4 59. Ra7 Kf5 60. Kg3 h4+ 61. Kh3 e5 62. Rf7+ Ke4 63. Ra7 Kf5 64. Rf7+ Ke6 65. Ra7 e4 66. Ra6+ Ke5 67. Ra5+ Kd4 68. Ra4+ Ke3 69. Ra1 0-1

[Event "ARG-ch sf U2000 Turina Memorial"]
[Site "Jesus Maria"]
[Date "2018.02.07"]
[Round "6.4"]
[White "Cagliero, Hugo"]
[Black "San Sebastian Sosa, Fernando"]
[Result "1-0"]
[WhiteElo "1732"]
[BlackElo "1478"]
[PlyCount "121"]
[EventDate "2018.01.06"]
[EventType "swiss"]
[EventRounds "6"]
[EventCountry "ARG"]
[SourceTitle "EXT 2024"]
[Source "ChessBase"]
[SourceDate "2023.10.10"]
[SourceVersion "1"]
[SourceVersionDate "2023.10.10"]
[SourceQuality "1"]

1. e4 c5 2. g3 d6 3. Bg2 g6 4. Ne2 Bg7 5. 0-0 Nf6 6. Nbc3 e6 7. d3 h6 8. h3 0-0 9. Be3 Nc6 10. Qd2 a6 11. Bxh6 Kh7 12. Bxg7 Kxg7 13. Rae1 Nd4 14. Nxd4 cxd4 15. Ne2 e5 16. f4 Rh8 17. g4 Nd7 18. Rf3 Nc5 19. Ref1 Rf8 20. f5 g5 21. f6+ Kh6 22. h4 Rg8 23. hxg5+ Rxg5 24. Rh3+ Kg6 25. Rf5 Bxf5 26. gxf5+ Kxf6 27. Rh6+ Kg7 28. Rh3 Qf6 29. Qe1 Rh8 30. Rxh8 Kxh8 31. Qh4+ Kg7 32. Ng3 Qh6 33. f6+ Kg6 34. Qxh6+ Kxh6 35. Nf5+ Kg6 36. Nxd6 Kxf6 37. b4 Na4 38. Nxb7 Nc3 39. Nc5 Nd1 40. Kh2 Ne3 41. Bf3 Nxc2 42. Nxa6 Rg8 43. Bd1 Ra8 44. Bxc2 Rxa6 45. a4 Ke7 46. a5 Kd6 47. Bb3 f6 48. Kg3 Ra7 49. Bc4 Rg7+ 50. Kf3 Rg5 51. Bd5 f5 52. a6 fxe4+ 53. dxe4 Rg7 54. Ke2 Kc7 55. a7 Rg8 56. Bxg8 Kb7 57. Kd3 Kxa7 58. Kc4 Kb6 59. Bd5 Kc7 60. Kc5 d3 61. Bb3 1-0

[Event "ARG-ch sf U2300"]
[Site "Cosquin"]
[Date "2017.07.22"]
[Round "3.12"]
[White "San Sebastian Sosa, Fernando"]
[Black "Rodriguez, Nicolas"]
[Result "1-0"]
[WhiteElo "1545"]
[BlackElo "1576"]
[PlyCount "57"]
[EventDate "2017.07.22"]
[EventType "swiss"]
[EventRounds "6"]
[EventCountry "ARG"]
[SourceTitle "EXT 2024"]
[Source "ChessBase"]
[SourceDate "2023.10.10"]
[SourceVersion "1"]
[SourceVersionDate "2023.10.10"]
[SourceQuality "1"]

1. e4 d5 2. exd5 Qxd5 3. Nc3 Qa5 4. Nf3 Nf6 5. Be2 c6 6. 0-0 Bf5 7. d3 e6 8. Bd2 Nbd7 9. Ne4 Qc7 10. Ng3 Bg6 11. d4 Bd6 12. Re1 0-0-0 13. c4 Bf4 14. b4 Ne4 15. Nxe4 Bxe4 16. b5 c5 17. Bxf4 Qxf4 18. dxc5 Nxc5 19. Qc1 Qc7 20. a4 Nb3 21. Qe3 Nxa1 22. Rxa1 Bxf3 23. Bxf3 Kb8 24. c5 e5 25. a5 f5 26. b6 axb6 27. axb6 Qe7 28. Qa3 e4 29. Qa8# 1-0

[Event "ARG-ch sf U14"]
[Site "Villaguay"]
[Date "2016.02.26"]
[Round "6"]
[White "Saracho, Franco"]
[Black "San Sebastian Sosa, Fernando"]
[Result "1-0"]
[WhiteElo "1675"]
[BlackElo "1530"]
[PlyCount "77"]
[EventDate "2016.02.23"]
[EventType "swiss"]
[EventRounds "8"]
[EventCountry "ARG"]
[SourceTitle "EXT 2017"]
[Source "ChessBase"]
[SourceDate "2016.10.25"]
[SourceVersion "1"]
[SourceVersionDate "2016.10.25"]
[SourceQuality "1"]

1. e4 e5 2. Nf3 Nc6 3. Bb5 Nf6 4. d3 Bc5 5. h3 0-0 6. c3 Bb6 7. Bxc6 dxc6 8. Nxe5 Qe7 9. f4 Rd8 10. Qe2 Be6 11. Nd2 Rd6 12. f5 Bd7 13. Ndc4 Rd8 14. g4 Kh8 15. h4 Rxd3 16. Qxd3 Bxf5 17. Nxf7+ Kg8 18. Qxd8+ Kxf7 19. Qxe7+ Kxe7 20. exf5 Nxg4 21. Nxb6 cxb6 22. Rg1 Ne5 23. Rxg7+ Kf6 24. Rxh7 Nf3+ 25. Kf2 Ne5 26. Bg5+ Kxf5 27. Rf1 Nc4 28. Kg3+ Ke4 29. Re7+ Kd5 30. b4 Na3 31. Bf4 Kc4 32. Rxb7 Kxc3 33. Rf3+ Kxb4 34. Bd6+ Kb5 35. Rxa3 a5 36. Bc7 a4 37. Rxb6+ Ka5 38. Rb8+ Ka6 39. Rxa4# 1-0